បឹងយក្សឡោម​ : (Record no. 8627)

MARC details
000 -LEADER
fixed length control field 02808nam a22003137a 4500
001 - CONTROL NUMBER
control field 8627
003 - CONTROL NUMBER IDENTIFIER
control field FISKH
005 - DATE AND TIME OF LATEST TRANSACTION
control field 20251007094708.0
008 - FIXED-LENGTH DATA ELEMENTS--GENERAL INFORMATION
fixed length control field 251007b cb ||||| |||| 00| 0 eng d
020 ## - INTERNATIONAL STANDARD BOOK NUMBER
International Standard Book Number 9789996301292
040 ## - CATALOGING SOURCE
Original cataloging agency FISKH
Language of cataloging eng
Transcribing agency FISKH
Modifying agency FISKH
050 ## - LIBRARY OF CONGRESS CALL NUMBER
Classification number PZ7
082 ## - DEWEY DECIMAL CLASSIFICATION NUMBER
Classification number 895.966
100 ## - MAIN ENTRY--PERSONAL NAME
Personal name Sotheary, Kimsun
245 ## - TITLE STATEMENT
Title បឹងយក្សឡោម​ :
Remainder of title Yeak Lorm lake /
Statement of responsibility, etc. រៀបរៀងដោយ អ្នកស្រី គឹមស៊ុន សុធារី
260 ## - PUBLICATION, DISTRIBUTION, ETC.
Place of publication, distribution, etc. Phnom Penh :
Name of publisher, distributor, etc. Reading Books ,
Date of publication, distribution, etc. 2011.
300 ## - PHYSICAL DESCRIPTION
Extent 20 pages :
Other physical details color illustrations ;
Dimensions 25 cm .
490 ## - SERIES STATEMENT
Series statement ពិភពរឿងនិទាន
505 ## - FORMATTED CONTENTS NOTE
Formatted contents note P <br/>
520 ## - SUMMARY, ETC.
Summary, etc. ព្រះនាងសក់ក្រអូបជាបុត្រីរបស់យក្ស​ ។​លុះដល់ពេលនាងចម្រើនវ័យនាងក៏មានចិត្តស្រលាញ់បុរសម្នាក់ ហើយក៏បានរស់នៅជាមួយគ្នានៅក្នុងព្រៃមួយ ។​​ ក្រោយមកព្រះបិតាក៏បញ្ជាអោយយក្សជាកូនចៅយាមល្បាតហ៊ុមពទ្ធ័ព្រៃនោះយ៉ាងរឹងមាំ ហើយយក្សមួយក្រុមទៀតក៏បានដកព្រៃគ្រវែងចោលហើយនាំគ្នាជីកកកាយរកនាងគ្រប់កន្លែង។ តែមិនអាចរកឃើញបុត្រីឡើយ​។ អាស្រ័យហេតុពួកយក្សកកាយយរក នាងសក់ក្រអូបនេះហើយ ទើបមាននៅសល់បឺងមួយនៅខេត្តរតនគិរី ហោថា បឹងយក្សឡោម រហូតដល់សព្វថ្ងៃ ។​
520 ## - SUMMARY, ETC.
Summary, etc. “Princess Sak Kraorb” was the daughter of a giant. When she came of age, she fell in love with a man, and they lived together in a forest.<br/>Later, her father ordered his giant followers to tightly guard and surround the forest. Another group of giants cleared the forest and dug through the land everywhere in search of her. However, they could not find the princess. It is said that because the giants dug up the land so much while searching for Princess Sak Kraorb ,a large lake remained in what is now Ratanakiri Province, which to this day is called “Boeng Yak Lom”
521 8# - TARGET AUDIENCE NOTE
Target audience note 650 <br/>
Source Lexile estimate <br/>
521 8# - TARGET AUDIENCE NOTE
Target audience note P <br/>
Source Raz-Plus <br/>
650 ## - SUBJECT ADDED ENTRY--TOPICAL TERM
Topical term or geographic name entry element បឺងយក្សឡោម
Form subdivision អក្សរសិល្ប៏ខ្មែរ
650 ## - SUBJECT ADDED ENTRY--TOPICAL TERM
Topical term or geographic name entry element Yeak Lorm lake
Form subdivision Khmer Literature
700 ## - ADDED ENTRY--PERSONAL NAME
Personal name San, Thai
Relator term Illustrator
942 ## - ADDED ENTRY ELEMENTS (KOHA)
Source of classification or shelving scheme Dewey Decimal Classification
Koha item type Khmer Books
Suppress in OPAC No
Holdings
Withdrawn status Lost status Source of classification or shelving scheme Damaged status Not for loan Collection Home library Current library Shelving location Date acquired Total Checkouts Full call number Barcode Date last seen Copy number Price effective from Koha item type
    Dewey Decimal Classification     Khmer-English Bilingual / ភាសាខ្មែរ-អង់គ្លេស Footprints International School Library Network Toul Tom Poung Campus Footprints International School Library Network Toul Tom Poung Campus TTP Primary Khmer Bookshelves 10/07/2025   SOT PZ7 895.966 FIS04050 10/07/2025 1 10/07/2025 Khmer Books
    Dewey Decimal Classification     Khmer-English Bilingual / ភាសាខ្មែរ-អង់គ្លេស Footprints International School Library Network Toul Tom Poung Campus Footprints International School Library Network Toul Tom Poung Campus TTP Primary Khmer Bookshelves 10/24/2025   SOT PZ7 895.966 FIS01827 10/24/2025 2 10/24/2025 Khmer Books